|
|
|
|
| LEADER |
01002nam a22002537a 4500 |
| 001 |
33707 |
| 003 |
BD-DhAAL |
| 005 |
20240925120404.0 |
| 008 |
180829t2017 bg ad b 000 0 eng d |
| 040 |
|
|
|a BD-DhAAL
|
| 082 |
0 |
0 |
|a 307.1412095492
|2 23
|
| 245 |
0 |
0 |
|a BRAC annual report,
|f 2017
|
| 264 |
|
|
|a Dhaka :
|b BRAC,
|c 2017.
|
| 300 |
|
|
|a 112 pages :
|b illustrations (some colors) ;
|c 28 cm.
|
| 504 |
|
|
|a Includes bibliographical references.
|
| 526 |
|
|
|a AAL
|
| 541 |
|
|
|e 33707
|a Complementary copy from BRAC
|
| 610 |
|
|
|a BRAC (Bangladesh)
|v Periodicals.
|9 21378
|
| 650 |
|
|
|a Rural development
|v Periodicals.
|z Bangladesh
|9 21379
|
| 710 |
2 |
|
|a BRAC.
|9 251
|
| 852 |
4 |
|
|a Ayesha Abed Library
|j BRAC Resource Section
|
| 942 |
|
|
|2 ddc
|c BK
|
| 999 |
|
|
|c 40100
|d 40100
|
| 952 |
|
|
|0 0
|1 0
|2 ddc
|4 0
|6 307_141209549200000_BRA
|7 1
|8 RPT
|9 64326
|a BRACUL
|b BRACUL
|c BRS
|d 2018-08-29
|e Complementary copy from BRAC
|l 0
|o 307.1412095492 BRA
|p 3010033707
|r 2018-08-29
|t 1
|w 2018-08-29
|y BK
|x Complementary copy from BRAC; Price not available in register.
|